000 00437nam a2200157Ia 4500
008 230917s9999||||xx |||||||||||||| ||und||
020 _cDM84
040 _e25943
_aMAIN
041 _aEnglish
082 _a004.77 B457V
100 _aBertol, Daniela
245 0 _aVisualizing with CAD: An Auto CAD exploration of geometric and architectural forms
260 _aNew York
_bSpringer-Verlag
_c1994
300 _axxiv, 359 p.
942 _cBK
999 _c96873
_d96873